• 首页
  • 本馆介绍
  • 公告通知
  • 最新文献
  • 馆藏检索
  • 电子资源
  • 读者导购
  • 参考咨询
  • 我的图书馆
  • 登录
  • 详细信息显示
  • 放入我的书架
  • 预约/预借图书
  • 作者相关作品
  • 分类相关作品
  • 丛书相关作品
  • 出版社相关作品

书目信息

  • 表格格式
  • 工作单格式
  • 卡片格式
题名:
怎样解脱我的困惑
    
 
作者: ;上海人民出版社 编
分册: 10  
出版信息: 上海   上海人民出版社  1985
页数: 170页
开本: 19cm
丛书名: 青年信箱
单 册:
中图分类: D432.62
科图分类:
主题词: 青年工作--思想政治教育--中国
电子资源:
ISBN:
000 00807nam0 2200265 45
001 0185000813
005 20050623163632.2
010    @dCNY0.68
091    @a7074.290
100    @a19900823d1985 e y0chiy0121 ea
101 0  @achi
102    @aCN@b310000
105    @ay z 000yy
200 10 @a怎样解脱我的困惑@Azen yang jie tuo wo de kun huo@e青年信箱@EQing Nian Xin Xiang@h10@f上海人民出版社编@FShang Hai Ren Min Chu Ban She Bian
210    @a上海@c上海人民出版社@d1985
215    @a170页@d19cm
225 2  @a青年信箱
410  0 @120010@a青年信箱
517    @a青年信箱@AQing Nian Xin Xiang
606    @a青年工作@x思想政治教育@x中国
690    @aD432.62@v3
711 02 @a上海人民出版社@4编
801  0 @aCN@b深圳图书馆@c20040420
801  2 @aCN@bNLC@c20040420
905    @dD432.62@e103@f1@b172059
    
    怎样解脱我的困惑:青年信箱.10/上海人民出版社编.-上海:上海人民出版社,1985
    170页;19cm.-(青年信箱)
    
    
    ISBN :CNY0.68
    
●
相关链接 在E读中查询图书 在五车中查询图书 在当当中查询图书 在豆瓣中查询图书


正题名:怎样解脱我的困惑     索取号:D432.62/103         预约/预借

序号 登录号 条形码 馆藏地/架位号 状态 备注
1 0172055   000481384   密集书库/ [索取号:D432.62/103] 在馆    
2 0172056   000481393   密集书库/ [索取号:D432.62/103] 在馆    
3 0172057   000481375   密集书库/ [索取号:D432.62/103] 在馆    
4 0172058   001873351   密集书库/ [索取号:D432.62/103] 在馆    
5 0172059   000481366   第一样本阅览室/ [索取号:D432.62/103] 在馆    
唐山师范学院图书馆 欢迎您!
大连网信软件有限公司© 版权所有